00658nam a2200205Ia 4500008004100000020001800041040001300059082001200072100002100084245004900105250001100154260005600165300003600221500006300257650002900320650003600349990003700385991001100422999001900433191130s2005##################000#0#eng## a9780131932937 aACLcACL a944 POP aPopkin, Jeremy D aA history of modern FrancecJeremy D. Popkin a3rd ed aUpper Saddle River, NJbPearson/Prentice Hallc2005 axv, 362 p. : ill., maps ; 24 cm aIncludes bibliographical references (p. 332-344) and index aFrance - History - 1789- aFrance - History - 18th century aaf6ae3f9ac10000c7d3c5f3ce4a3a865 a222870 c356915d356915